Vliv inflace na platební neschopnost podniků.

Jednou z hlavných príčin platobnej neschopnosti podnikov je vplyv inflácie na ich finančnú situáciu. Vplyvom inflácie podnik reálne stráca časť svojho majetku, musí platiť do štátneho rozpočtu z inflačného zisku vyššiu čiastku o ktorú má menej prostriedkov na jednoduchú reprodukciu materiálov. Konkr...

ver descrição completa

Na minha lista:
Detalhes bibliográficos
Autor principal: Bernat, F.
Formato: Capítulo de Livro
Idioma:tcheco
Assuntos:
Tags: Adicionar Tag
Sem tags, seja o primeiro a adicionar uma tag!

MARC

LEADER 00000naa a2200000 4500
001 r011233
005 20220826093558.4
041 0 |a cze 
044 |a [CS] 
245 1 0 |a Vliv inflace na platební neschopnost podniků.  |c F. Bernat 
520 |a Jednou z hlavných príčin platobnej neschopnosti podnikov je vplyv inflácie na ich finančnú situáciu. Vplyvom inflácie podnik reálne stráca časť svojho majetku, musí platiť do štátneho rozpočtu z inflačného zisku vyššiu čiastku o ktorú má menej prostriedkov na jednoduchú reprodukciu materiálov. Konkretizácia uvedenej skutočnosti na oblasti základných prostriedkov, resp. odpisov a oblasti zásob a pohľadávok. Opatrenia na zmiernenie dôsledkov inflácie. 
610 2 0 |a insolventnosť 
610 2 0 |a podnik 
610 2 0 |a inflácia 
610 2 0 |a hospodárenie finančné 
610 2 0 |a odpisy fondov základných 
610 2 0 |a zásoby 
610 2 0 |a pohľadávky 
100 1 |a Bernat, F.